Equipos que han ganado la Bundesliga - Estadísticas

Estadísticas generales
  • Esta prueba ha sido intentada 139 veces
    129 desde el último reinicio
  • La puntuación promedio es 47 de 61
Estadísticas de respuestas
Año Equipo % Correcto
2012 Borussia Dortmund
100%
2011 Borussia Dortmund
100%
2002 Borussia Dortmund
100%
1996 Borussia Dortmund
100%
1995 Borussia Dortmund
100%
2023 Bayern Múnich
95%
2022 Bayern Múnich
95%
2021 Bayern Múnich
95%
2020 Bayern Múnich
95%
2019 Bayern Múnich
95%
2018 Bayern Múnich
95%
2017 Bayern Múnich
95%
2016 Bayern Múnich
95%
2015 Bayern Múnich
95%
2014 Bayern Múnich
95%
2013 Bayern Múnich
95%
2010 Bayern Múnich
95%
2008 Bayern Múnich
95%
2006 Bayern Múnich
95%
2005 Bayern Múnich
95%
2003 Bayern Múnich
95%
2001 Bayern Múnich
95%
2000 Bayern Múnich
95%
1999 Bayern Múnich
95%
1997 Bayern Múnich
95%
1994 Bayern Múnich
95%
1990 Bayern Múnich
95%
1989 Bayern Múnich
95%
1987 Bayern Múnich
95%
1986 Bayern Múnich
95%
1985 Bayern Múnich
95%
1981 Bayern Múnich
95%
1980 Bayern Múnich
95%
1974 Bayern Múnich
95%
1973 Bayern Múnich
95%
1972 Bayern Múnich
95%
1969 Bayern Múnich
95%
2024 Bayer 04 Leverkusen
94%
1983 Hamburgo SV
78%
1982 Hamburgo SV
78%
1979 Hamburgo SV
78%
2009 Wolfsburgo
60%
2004 Werder Bremen
56%
1993 Werder Bremen
56%
1988 Werder Bremen
56%
1965 Werder Bremen
56%
2007 Stuttgart
52%
1992 Stuttgart
52%
1984 Stuttgart
52%
1977 Borussia Mönchengladbach
51%
1976 Borussia Mönchengladbach
51%
1975 Borussia Mönchengladbach
51%
1971 Borussia Mönchengladbach
51%
1970 Borussia Mönchengladbach
51%
1978 Colonia
42%
1964 Colonia
42%
1998 Kaiserslautern
27%
1991 Kaiserslautern
27%
1968 Núremberg
25%
1966 Múnich 1860
8%
1967 Eintracht Brunswick
3%
No se encontraron pruebas coincidentes
Distribución de puntuación
Porcentaje de gente con cada puntuación
Porcentaje por número respondido
Historial de tus puntuaciones
No has intentado esta prueba desde el último reinicio